Common German Words/Phrases - Statistics

General Stats
  • This quiz has been taken 34 times
  • The average score is 14 of 15
Answer Stats
Hint Answer % Correct
German Deutsch
100%
Germany Deutschland
100%
One Ein
100%
I Ich
100%
Thank you Danke
97%
Woman Frau
97%
Good Day Guten Tag
97%
Yes Ja
97%
No nein
97%
And Und
97%
Water Wasser
97%
Please Bitte
94%
Hello Hallo
94%
Bread Brot
84%
Man Mann
84%
No matching quizzes found
Score Distribution
Percent of People with Each Score
Percentile by Number Answered
Your Score History
You have not taken this quiz